[Event "South America-ch U16 13th"]
[Site "Santiago de Chile"]
[Date "2016.12.03"]
[Round "4"]
[White "Vega Bozo, Alejandro"]
[Black "Cevasco Balcazar, Leonardo Giova"]
[Result "0-1"]
[WhiteElo "1423"]
[BlackElo "1649"]
[PlyCount "116"]
[EventDate "2016.12.01"]
[EventType "swiss"]
[EventRounds "9"]
[EventCountry "CHI"]
[SourceTitle "EXT 2018"]
[Source "ChessBase"]
[SourceDate "2017.10.13"]
[SourceVersion "1"]
[SourceVersionDate "2017.10.13"]
[SourceQuality "1"]

1. c4 e5 2. Nc3 Nf6 3. Nf3 Nc6 4. d4 exd4 5. Nxd4 Nxd4 6. Qxd4 Be7 7. g3 0-0 8. Bg2 d6 9. 0-0 a6 10. Bf4 Rb8 11. Rfd1 Nh5 12. c5 Bf6 13. Qd2 Nxf4 14. Qxf4 Be5 15. Qd2 Qf6 16. Ne4 Qg6 17. cxd6 Bf5 18. dxc7 Bxc7 19. Qc2 Rbc8 20. Qa4 b5 21. Qd4 Bb6 22. Qd3 Rfe8 23. Qd6 Bxe4 24. Bxe4 Rxe4 25. Qxg6 hxg6 26. e3 Rec4 27. Rd6 R8c6 28. Rad1 Bc7 29. Rxc6 Rxc6 30. Rd2 Kf8 31. a3 Ke7 32. Kg2 Ke6 33. f4 a5 34. Kf3 f5 35. h3 Rc4 36. Rg2 Bb6 37. g4 Kf6 38. gxf5 gxf5 39. Rd2 Bc5 40. h4 g6 41. Rd5 Ke6 42. Rd2 b4 43. axb4 axb4 44. Rg2 Kf6 45. Rd2 Re4 46. Re2 Kg7 47. Kf2 Rxf4+ 48. Kg3 Re4 49. Kf3 Rxe3+ 50. Rxe3 Bxe3 51. Kxe3 Kh6 52. Kf3 Kh5 53. Kg3 f4+ 54. Kxf4 Kxh4 55. Kf3 g5 56. Kg2 Kg4 57. Kg1 Kg3 58. b3 g4 0-1

[Event "South America-ch U16 13th"]
[Site "Santiago de Chile"]
[Date "2016.12.02"]
[Round "2"]
[White "Vega Bozo, Alejandro"]
[Black "Torres, Piero"]
[Result "0-1"]
[WhiteElo "1423"]
[BlackElo "1628"]
[PlyCount "90"]
[EventDate "2016.12.01"]
[EventType "swiss"]
[EventRounds "9"]
[EventCountry "CHI"]
[SourceTitle "EXT 2018"]
[Source "ChessBase"]
[SourceDate "2017.10.13"]
[SourceVersion "1"]
[SourceVersionDate "2017.10.13"]
[SourceQuality "1"]

1. c4 Nf6 2. Nf3 g6 3. g3 Bg7 4. Bg2 0-0 5. 0-0 d6 6. Nc3 Nc6 7. d3 e5 8. e4 Bg4 9. Be3 Qc8 10. a3 Bh3 11. Bxh3 Qxh3 12. Ng5 Qd7 13. Qb3 a6 14. Rab1 h6 15. Nf3 Kh7 16. c5 Ng4 17. cxd6 Nxe3 18. fxe3 Qxd6 19. Ne1 Nd8 20. Rd1 b5 21. Qd5 Qxd5 22. Nxd5 Ne6 23. Nf6+ Bxf6 24. Rxf6 Kg7 25. Rf2 c5 26. Nf3 f6 27. d4 exd4 28. exd4 cxd4 29. Nxd4 Nxd4 30. Rxd4 Rad8 31. Rfd2 Rxd4 32. Rxd4 Kf7 33. Kf2 Ke6 34. Kf3 Rc8 35. Rd2 h5 36. h3 g5 37. Re2 Rd8 38. Ke3 Rc8 39. Rd2 Rc1 40. Rh2 Ke5 41. Kf3 Rf1+ 42. Ke3 Re1+ 43. Kf3 Rxe4 44. Re2 Rxe2 45. Kxe2 Ke4 0-1